|
|
|
|
| LEADER |
00000cam a2200000 i 4500 |
| 001 |
1/3554 |
| 008 |
100121s2005 gre d |
| 020 |
|
|
|a 960-88181-4-1
|
| 035 |
|
|
|l 10106416
|
| 040 |
|
|
|a GR-MY-UA
|b gre
|e aacr
|
| 041 |
0 |
|
|a gre
|h eng
|
| 082 |
0 |
|
|a 910.202
|2 (22)
|
| 100 |
1 |
|
|a Watkins, Steve
|c (Photographer)
|
| 245 |
1 |
0 |
|a Αξέχαστα πράγματα που πρέπει να κάνετε στη ζωή σας /
|c Steve Watkins and Clare Jones ; μετάφραση Νάγια Οικονομοπούλου
|
| 260 |
|
|
|a Αθήνα :
|b Ορφέας,
|c [2005]
|
| 300 |
|
|
|a 256 σ.;
|b εγχρ. εικ.;
|c 25 εκ.
|
| 650 |
0 |
0 |
|a Travel
|x Guidebooks.
|
| 650 |
0 |
0 |
|a Voyages and travels
|v Pictorial works.
|
| 700 |
1 |
|
|a Jones, Clare.
|
| 852 |
|
|
|a INST
|b SAMOS
|e 20100121
|h 910.202 WAT
|p 005300030846
|q 005300030846
|t BK
|y 0
|
| 901 |
|
|
|a BIBL3-2010-1
|
| 909 |
|
|
|a Σ
|b 158554
|
| 970 |
|
|
|a ΡΟΥΣΣΟΥ
|b ΚΩΝΣΤΑΝΤΙΝΑ
|z 2010/01/21
|